| 000 | 00337nam a22001217a 4500 | ||
|---|---|---|---|
| 082 | _a338.9669ONY. | ||
| 100 | _aOnyemelukwe, C.C. | ||
| 245 | _aProblems of industrial planning and management in Nigeria. | ||
| 260 |
_aLondon. _bLongmans, Green and Co ltd. _c1966. |
||
| 300 |
_avi, 330p. _b23cm. |
||
| 500 | _aIncludes index. | ||
| 942 | _cBK | ||
| 999 |
_c13754 _d13754 |
||